000 00593nam a2200241Ia 4500
003 OSt
005 20221005124747.0
006 a|||||r|||| 00| 0
007 ta
008 221004b |||||||| |||| 00| 0 mar d
024 _a40240
037 _cTextual
040 _aCRL
_cCRL
_bmar
041 _2mar
_amar
082 _aO155,2M76,12, K0
100 _aTipnis
_9227174
245 0 _aNekjat maratha
260 _c1960
300 _a86p.
_ccm.
650 _aMARATHI LITERATURE
_938000
942 _hO155,2M76,12, K0
_cTEXL
_2cc
999 _c1051527
_d1051527